<?xml version="1.0" encoding="UTF-8"?>
<record
    xmlns:xsi="http://www.w3.org/2001/XMLSchema-instance"
    xsi:schemaLocation="http://www.loc.gov/MARC21/slim http://www.loc.gov/standards/marcxml/schema/MARC21slim.xsd"
    xmlns="http://www.loc.gov/MARC21/slim">

  <leader>00898nam a2200265 a 4500</leader>
  <controlfield tag="001">BRL_486</controlfield>
  <controlfield tag="005">20190320210750.0</controlfield>
  <controlfield tag="008">200813s1961----gw-abo####---#000-0#ger-#</controlfield>
  <datafield tag="041" ind1=" " ind2=" ">
    <subfield code="a">ger</subfield>
  </datafield>
  <datafield tag="044" ind1=" " ind2=" ">
    <subfield code="a">gw</subfield>
  </datafield>
  <datafield tag="050" ind1=" " ind2="4">
    <subfield code="a">N5305</subfield>
    <subfield code="b">.K86 3 1961</subfield>
  </datafield>
  <datafield tag="100" ind1="1" ind2=" ">
    <subfield code="a">B&#xFC;hler, Alfred</subfield>
    <subfield code="9">24070</subfield>
  </datafield>
  <datafield tag="245" ind1="1" ind2="0">
    <subfield code="a">Ozeanien und Australien</subfield>
    <subfield code="b">Die kunst der S&#xFC;dsee</subfield>
    <subfield code="c">Von Alfred B&#xFC;hler, Terry Barrow, Charles P. Mountford</subfield>
  </datafield>
  <datafield tag="260" ind1=" " ind2=" ">
    <subfield code="a">Germany</subfield>
    <subfield code="b">Holle-Verlag Baden-Baden</subfield>
    <subfield code="c">1961</subfield>
  </datafield>
  <datafield tag="300" ind1=" " ind2=" ">
    <subfield code="a">264 p.</subfield>
    <subfield code="b">il. (algunas a color)</subfield>
    <subfield code="c">23 cm.</subfield>
  </datafield>
  <datafield tag="440" ind1=" " ind2="0">
    <subfield code="a">Kunst der Welt; ihre geschichtlichen, soziologischen und religi&#xF6;sen Grundlagen</subfield>
    <subfield code="p">Die aussereurop&#xE4;ischen Kulturen</subfield>
    <subfield code="v">3</subfield>
    <subfield code="9">24071</subfield>
  </datafield>
  <datafield tag="500" ind1=" " ind2=" ">
    <subfield code="a">Au514</subfield>
  </datafield>
  <datafield tag="650" ind1="1" ind2="4">
    <subfield code="a">Arte</subfield>
    <subfield code="z">Ocean&#xED;a</subfield>
    <subfield code="9">24072</subfield>
  </datafield>
  <datafield tag="650" ind1="1" ind2="4">
    <subfield code="a">Arte</subfield>
    <subfield code="z">Australia</subfield>
    <subfield code="9">24073</subfield>
  </datafield>
  <datafield tag="650" ind1="1" ind2="4">
    <subfield code="a">Arte primitivo</subfield>
    <subfield code="9">7001</subfield>
  </datafield>
  <datafield tag="700" ind1="1" ind2=" ">
    <subfield code="a">Barrow, Terry</subfield>
    <subfield code="9">24074</subfield>
  </datafield>
  <datafield tag="700" ind1="1" ind2=" ">
    <subfield code="a">P. Mountford, Charles</subfield>
    <subfield code="9">24075</subfield>
  </datafield>
  <datafield tag="902" ind1=" " ind2=" ">
    <subfield code="a">GRL</subfield>
  </datafield>
  <datafield tag="942" ind1=" " ind2=" ">
    <subfield code="2">lcc</subfield>
    <subfield code="c">B</subfield>
  </datafield>
  <datafield tag="999" ind1=" " ind2=" ">
    <subfield code="c">9298</subfield>
    <subfield code="d">9298</subfield>
  </datafield>
  <datafield tag="952" ind1=" " ind2=" ">
    <subfield code="0">0</subfield>
    <subfield code="1">0</subfield>
    <subfield code="4">0</subfield>
    <subfield code="7">0</subfield>
    <subfield code="a">BRL</subfield>
    <subfield code="b">BRL</subfield>
    <subfield code="d">2013-08-20</subfield>
    <subfield code="i">Au514</subfield>
    <subfield code="l">0</subfield>
    <subfield code="o">N5305 .K86 3 1961 (Au514)</subfield>
    <subfield code="p">GRL00535</subfield>
    <subfield code="r">2019-03-22 00:00:00</subfield>
    <subfield code="w">2019-03-22</subfield>
    <subfield code="y">B</subfield>
  </datafield>
</record>
